Logo biblioteca
Santa Fe 2917, Rosario, Santa Fe
Lu-Vi 8 a 19.45
+54-341-4232362
bibliotecaeudoro@gmail.com
Facebook Biblioteca Pedagógica
Sitio web

La escuela: entre la utopia y la realidad : (Registro nro. 31610)

Detalles MARC
000 -CABECERA
campo fijo de control de longitud 01204nam a2200277 4500
001 - NÚMERO DE CONTROL
campo de control 31610
003 - IDENTIFICADOR DEL NÚMERO DE CONTROL
campo de control AR-RoBPED
005 - FECHA Y HORADE LA ULTIMA TRANSACCION
campo de control 20250618120723.0
008 - ELEMENTOS DE LONGITUD FIJA--INFORMACION GENERAL
campo fijo de control de longitud 250618e1996 |||||||er|||| 001 0 spa d
020 ## - ISBN
ISBN 8480632208
040 ## - FUENTE CATALOGADORA
Centro catalogador/agencia de origen AR-RoBPED
041 ## - IDIOMA
Código de idioma para texto/pista de sonido o título independiente spa
100 ## - ENCABEZAMIENTO PRINCIPAL--AUTOR PERSONAL
Nombre de persona Carbonell Sebarroja, Jaume
9 (RLIN) 21293
245 13 - TITULO
Título La escuela: entre la utopia y la realidad :
Subtítulo diez temas de Sociología de la Educación /
Mención de responsabilidad Jaume Carbonell Sebarroja.
260 ## - PUBLICACION
Lugar España :
Editor Eumo,
Fecha 1996.
300 ## - DESCRIPCION FISICA
Extensión 249 p.
490 0# - SERIE
Mención de serie (Recursos ;
Designación de volumen o secuencia 15)
505 ## - NOTA DE CONTENIDO
Contenido La infancia ayer y hoy - Funciones sociales de la escuela - Educación y trabajo. De la escuela a la vida activa - Educación ética y calidad de vida - Interculturalismo - Educación sexista y coeducación - Organización del poder e interacción - El fracaso escolar - El maestro y la maestra - Las reformas educativas.
650 #4 - TERMINO DE MATERIA--CONTROLADO
Término controlado SOCIOLOGIA DE LA EDUCACION
9 (RLIN) 810
Término controlado HISTORIA DE LA EDUCACION
9 (RLIN) 1012
Término controlado EDUCACIÓN INTERCULTURAL
9 (RLIN) 29044
Término controlado EDUCACION PARA EL TRABAJO
9 (RLIN) 3368
Término controlado DOCENTES
9 (RLIN) 344
942 ## - ELEMENTOS KOHA
Fuente de clasificación Universal Decimal Classification
Número Koha k. 31610
Koha tipo de ítem Libro
Clasificación 37.015.4
Signatura librística CS 26
Inventario inv. 41873
945 ## - PROCESAMIENTO DE LA INFORMACIÓN LOCAL
Catalogador y fecha mm 18/06/25 - cd 18/06/2025
Existencias
Estado retirado Estado perdido Fuente de clasificación Estado dañado No se presta Biblioteca propietaria Biblioteca de reserva Fecha de adquisición Procedencia Total de préstamos Signatura topográfica completa Código de barras (nº de inventario) Fecha visto por última vez Catalogador y fecha Tipo de ítem Koha Nota pública
    Universal Decimal Classification     Biblioteca Pedagógica Eudoro Díaz Biblioteca Pedagógica Eudoro Díaz 10/06/2025 donación   37.015.4 CS 26 41873 18/06/2025 mm 18/06/2025 Libro Se presta 15 días